[Event "Tabor op"]
[Site "Tabor"]
[Date "2009.08.04"]
[Round "4"]
[White "Chloupek, Jaroslav"]
[Black "Gruber, Thomas"]
[Result "1-0"]
[WhiteElo "1844"]
[BlackElo "2288"]
[PlyCount "57"]
[EventDate "2009.08.02"]
[EventType "swiss"]
[EventRounds "9"]
[EventCountry "CZE"]
[SourceTitle "CBM 131 Extra"]
[Source "ChessBase"]
[SourceDate "2009.09.03"]
[SourceVersion "2"]
[SourceVersionDate "2009.09.16"]
[SourceQuality "1"]

1. c4 e5 2. Nc3 Nf6 3. Nf3 Nc6 4. g3 Bb4 5. Bg2 d6 6. 0-0 0-0 7. d3 Be6 8. Bd2 Bxc3 9. Bxc3 d5 10. cxd5 Nxd5 11. Bxe5 Nxe5 12. Nxe5 f5 13. e4 fxe4 14. dxe4 Nb4 15. a3 Qxd1 16. Raxd1 Na6 17. Rd2 Rfe8 18. f4 Rac8 19. Re1 c5 20. Nf3 c4 21. Re3 Rc7 22. Ng5 Bg4 23. e5 Nc5 24. Bd5+ Kh8 25. Nf7+ Kg8 26. Nd6+ Kf8 27. Nxe8 Kxe8 28. Bxc4 Na4 29. Bb5+ 1-0

[Event "Oberliga Baden 0708"]
[Site "Germany"]
[Date "2008.01.20"]
[Round "5.5"]
[White "Gruber, Thomas"]
[Black "Guenthner, Oliver"]
[Result "1/2-1/2"]
[WhiteElo "2278"]
[BlackElo "2230"]
[PlyCount "139"]
[EventDate "2007.10.21"]
[EventType "team-tourn"]
[EventRounds "9"]
[EventCountry "GER"]
[SourceTitle "EXT 2009"]
[Source "ChessBase"]
[SourceDate "2008.11.26"]
[SourceVersion "1"]
[SourceVersionDate "2008.11.26"]
[SourceQuality "1"]
[WhiteTeam "Eppingen II"]
[BlackTeam "Neuhausen"]
[WhiteTeamCountry "GER"]
[BlackTeamCountry "GER"]

1. b3 Nf6 2. Bb2 e6 3. Nf3 d5 4. c4 Be7 5. e3 0-0 6. Nc3 b6 7. cxd5 exd5 8. Be2 c5 9. d4 Bb7 10. 0-0 Nbd7 11. Rc1 Rc8 12. Re1 Re8 13. Bf1 Bf8 14. g3 Ne4 15. dxc5 Nxc3 16. Bxc3 bxc5 17. Bg2 Qb6 18. Nh4 Qe6 19. Qh5 g6 20. Qd1 Bg7 21. Bxg7 Kxg7 22. Nf3 h6 23. b4 d4 24. bxc5 Bxf3 25. Bxf3 d3 26. Qxd3 Ne5 27. Qe2 Nxf3+ 28. Qxf3 Qxa2 29. Ra1 Qe6 30. Rec1 Re7 31. Ra4 Rec7 32. Rac4 Rc6 33. Qf4 Kh7 34. Qd4 Qe7 35. h4 h5 36. Qc3 Qc7 37. Kh2 a5 38. Qd4 a4 39. Qa1 Ra8 40. Rxa4 Rxa4 41. Qxa4 Rxc5 42. Rxc5 Qxc5 43. Qd7 Qc4 44. Qd4 Qe2 45. e4 Kg8 46. Kg2 Kh7 47. Qe5 Kg8 48. Qf4 Kg7 49. Qf3 Qb2 50. Qd3 Kg8 51. Kf3 Qf6+ 52. Ke3 Qb6+ 53. Qd4 Qc7 54. Kf3 Kh7 55. e5 Qc6+ 56. Kf4 Qe6 57. f3 Qf5+ 58. Ke3 Qe6 59. Qd6 Qc4 60. Qd4 Qe6 61. g4 hxg4 62. fxg4 Qe7 63. g5 Qe6 64. Qf4 Qb3+ 65. Kf2 Kg8 66. Qe3 Qe6 67. Kg3 Qf5 68. Qd4 Qf1 69. Qd8+ Kh7 70. Qd4 1/2-1/2

[Event "Oberliga Baden 0708"]
[Site "Germany"]
[Date "2007.11.24"]
[Round "3.4"]
[White "Herbrechtsmeier, Christof"]
[Black "Gruber, Thomas"]
[Result "1/2-1/2"]
[WhiteElo "2251"]
[BlackElo "2278"]
[PlyCount "123"]
[EventDate "2007.10.21"]
[EventType "team-tourn"]
[EventRounds "9"]
[EventCountry "GER"]
[SourceTitle "EXT 2009"]
[Source "ChessBase"]
[SourceDate "2008.11.26"]
[SourceVersion "1"]
[SourceVersionDate "2008.11.26"]
[SourceQuality "1"]
[WhiteTeam "Zaehringen"]
[BlackTeam "Eppingen II"]
[WhiteTeamCountry "GER"]
[BlackTeamCountry "GER"]

1. e4 g6 2. d4 Bg7 3. Nc3 a6 4. Nf3 d6 5. h3 b5 6. Bd3 Nd7 7. Ne2 Ngf6 8. 0-0 0-0 9. Bg5 e5 10. c3 h6 11. Be3 Bb7 12. dxe5 dxe5 13. Nd2 Qe7 14. a4 Nc5 15. Bxc5 Qxc5 16. b4 Qd6 17. Qb1 Rfd8 18. Nc1 c5 19. Ndb3 cxb4 20. Na5 Rab8 21. Nxb7 Rxb7 22. cxb4 Bf8 23. axb5 axb5 24. Ra5 Qxb4 25. Qxb4 Bxb4 26. Rxb5 Rxb5 27. Bxb5 Nxe4 28. Nd3 Bc3 29. Rc1 Nd6 30. Rxc3 Nxb5 31. Rc5 e4 32. Rxb5 exd3 33. Rb1 Kg7 34. Kf1 Kf6 35. Ke1 Re8+ 36. Kd2 Re2+ 37. Kxd3 Rxf2 38. Rg1 Kg5 39. Ke3 Rf6 40. g3 h5 41. Ra1 Rf5 42. Ra4 Rf1 43. Ke2 Rf6 44. Ra5+ Rf5 45. Ra4 Kh6 46. h4 Kg7 47. Ra6 Rf6 48. Ra5 Rd6 49. Kf3 Kf6 50. Rb5 Ke6 51. Ke4 Ra6 52. Kf3 Ra3+ 53. Kg2 Rd3 54. Ra5 Rd5 55. Ra4 Ke5 56. Ra1 Rd2+ 57. Kf3 Rd3+ 58. Kg2 Ke4 59. Rf1 Rd2+ 60. Kh3 f5 61. Rf4+ Ke3 62. Rf1 1/2-1/2

[Event "Oberliga Baden 0607"]
[Site "Germany"]
[Date "2007.02.25"]
[Round "6.7"]
[White "Horn, Hans Markus"]
[Black "Gruber, Thomas"]
[Result "0-1"]
[WhiteElo "1991"]
[BlackElo "2276"]
[PlyCount "168"]
[EventDate "2006.10.15"]
[EventType "team-tourn"]
[EventRounds "9"]
[EventCountry "GER"]
[SourceTitle "EXT 2008"]
[Source "ChessBase"]
[SourceDate "2007.11.25"]
[SourceVersion "1"]
[SourceVersionDate "2007.11.25"]
[SourceQuality "1"]
[WhiteTeam "Viernheim"]
[BlackTeam "Eppingen II"]
[WhiteTeamCountry "GER"]
[BlackTeamCountry "GER"]

1. Nf3 g6 2. e4 d6 3. d4 Nf6 4. Nc3 Bg7 5. Be2 0-0 6. 0-0 e6 7. h3 a6 8. a4 b6 9. Bg5 h6 10. Be3 Bb7 11. d5 exd5 12. exd5 Nbd7 13. Qd2 Kh7 14. Bc4 Re8 15. Rad1 Ne4 16. Nxe4 Rxe4 17. b3 Nf6 18. Bd3 Re8 19. c4 b5 20. Nd4 bxa4 21. bxa4 Ne4 22. Qc2 Nc5 23. Nb3 Nxd3 24. Rxd3 Bc8 25. Nd4 Qh4 26. Qd2 Bd7 27. a5 Rab8 28. Rc1 Re4 29. f3 Re7 30. Bf2 Qh5 31. Rb3 Rbe8 32. Re3 Rxe3 33. Bxe3 Be5 34. Rb1 Bc8 35. Re1 Qh4 36. Rd1 Qg3 37. f4 Bxd4 38. Bxd4 Bxh3 39. Rf1 Bg4 40. Bf2 Qb3 41. Qd4 Qc2 42. Qf6 Qf5 43. Qxf5 Bxf5 44. Re1 Be4 45. Re3 g5 46. fxg5 hxg5 47. Rb3 Kg6 48. Rb7 Rc8 49. Bd4 Bd3 50. c5 dxc5 51. Bxc5 f6 52. Ba7 Rd8 53. Rxc7 Rxd5 54. Rc5 Rd7 55. Bb6 Be4 56. Rc1 Rd2 57. Bf2 Ra2 58. Re1 f5 59. g4 Rxa5 60. gxf5+ Kxf5 61. Rc1 Ra2 62. Bd4 Kg4 63. Be3 a5 64. Rc5 Bf5 65. Kf1 a4 66. Ke1 a3 67. Ra5 Ra1+ 68. Kd2 a2 69. Bd4 Rh1 70. Ke3 Rh2 71. Bf6 Rh3+ 72. Kd4 Rd3+ 73. Kc4 Rd6 74. Ba1 Bb1 75. Be5 Rc6+ 76. Kd5 Rc2 77. Ra4+ Kf5 78. Bd4 Rd2 79. Kc4 g4 80. Ra8 g3 81. Bc3 Rc2 82. Kb3 g2 83. Rf8+ Ke6 84. Re8+ Kf7 0-1

[Event "Oberliga Baden 0506"]
[Site "Germany"]
[Date "2006.04.02"]
[Round "9.5"]
[White "Gruber, Thomas"]
[Black "Palmer, Christian"]
[Result "0-1"]
[WhiteElo "2301"]
[BlackElo "2191"]
[PlyCount "74"]
[EventDate "2005.10.23"]
[EventType "team-tourn"]
[EventRounds "9"]
[EventCountry "GER"]
[SourceTitle "EXT 2007"]
[Source "ChessBase"]
[SourceDate "2006.11.23"]
[SourceVersion "1"]
[SourceVersionDate "2006.11.23"]
[SourceQuality "1"]
[WhiteTeam "Eppingen II"]
[BlackTeam "Waldshut Tiengen"]
[WhiteTeamCountry "GER"]
[BlackTeamCountry "GER"]

1. c4 Nf6 2. Nc3 d5 3. cxd5 Nxd5 4. Nf3 Nxc3 5. bxc3 g6 6. d4 Bg7 7. e3 c5 8. Be2 0-0 9. 0-0 Bf5 10. Ba3 cxd4 11. cxd4 Nc6 12. Qb3 Be4 13. Nd2 Bd5 14. Qd3 Qa5 15. Rfc1 Rfd8 16. Rc5 Qc7 17. Rac1 Bxa2 18. d5 e6 19. e4 exd5 20. exd5 Bf8 21. Rxc6 bxc6 22. Bxf8 Rxd5 23. Qc2 Qf4 24. Ne4 Rxf8 25. g3 Qe5 26. Bf3 Ra5 27. Qxc6 Be6 28. Qb7 Bd5 29. Nf6+ Qxf6 30. Bxd5 Ra1 31. Rxa1 Qxa1+ 32. Kg2 a5 33. h4 a4 34. h5 Kg7 35. Qe7 a3 36. Bb3 Qb2 37. Bc4 Qf6 0-1

[Event "Oberliga Baden 0506"]
[Site "Germany"]
[Date "2005.11.27"]
[Round "3.7"]
[White "Gruber, Thomas"]
[Black "Kresovic, Velimir"]
[Result "0-1"]
[WhiteElo "2301"]
[BlackElo "2199"]
[PlyCount "78"]
[EventDate "2005.10.23"]
[EventType "team-tourn"]
[EventRounds "9"]
[EventCountry "GER"]
[SourceTitle "EXT 2007"]
[Source "ChessBase"]
[SourceDate "2006.11.23"]
[SourceVersion "1"]
[SourceVersionDate "2006.11.23"]
[SourceQuality "1"]
[WhiteTeam "Eppingen II"]
[BlackTeam "Kuppenheim"]
[WhiteTeamCountry "GER"]
[BlackTeamCountry "GER"]

1. c4 Nf6 2. Nf3 e6 3. Nc3 d5 4. d4 c5 5. cxd5 Nxd5 6. e4 Nxc3 7. bxc3 cxd4 8. cxd4 Nc6 9. Be2 Bb4+ 10. Bd2 Bxd2+ 11. Qxd2 0-0 12. 0-0 Qd6 13. Rfd1 Rd8 14. Qc3 Bd7 15. Rab1 b6 16. d5 exd5 17. Rxd5 Qe7 18. Rbd1 Be8 19. Bb5 Na5 20. Bxe8 Qxe8 21. Qd2 Nc6 22. Nh4 Rxd5 23. exd5 Ne5 24. Nf5 Qd7 25. Qg5 f6 26. Qf4 Re8 27. d6 g6 28. Ne3 Kg7 29. Qd4 Re6 30. a4 Nf7 31. Nc4 Nd8 32. h4 h5 33. Qd5 Nb7 34. g3 Nd8 35. Kh2 Nf7 36. Kg1 Nd8 37. Rd2 Qxa4 38. d7 Qa1+ 39. Rd1 Qc3 0-1

[Event "Oberliga Baden 0405"]
[Site "Germany"]
[Date "2005.04.10"]
[Round "9.4"]
[White "Jurlina, Robert"]
[Black "Gruber, Thomas"]
[Result "0-1"]
[WhiteElo "2169"]
[BlackElo "2302"]
[PlyCount "134"]
[EventDate "2004.10.24"]
[EventType "team-tourn"]
[EventRounds "9"]
[EventCountry "GER"]
[SourceTitle "EXT 2007"]
[Source "ChessBase"]
[SourceDate "2006.11.23"]
[SourceVersion "1"]
[SourceVersionDate "2006.11.23"]
[SourceQuality "1"]
[WhiteTeam "Ladenburg"]
[BlackTeam "Eppingen II"]
[WhiteTeamCountry "GER"]
[BlackTeamCountry "GER"]

1. e4 c6 2. d4 d5 3. exd5 cxd5 4. c4 Nf6 5. Nc3 e6 6. Nf3 Bb4 7. cxd5 Nxd5 8. Bd2 Nc6 9. Bd3 0-0 10. 0-0 Be7 11. a3 Bf6 12. Qe2 Nxc3 13. bxc3 g6 14. Rab1 b6 15. h4 Bb7 16. h5 Re8 17. hxg6 hxg6 18. Bc4 Rc8 19. Rfe1 Re7 20. Ng5 Na5 21. Nxf7 Kxf7 22. Bxe6+ Kg7 23. Qg4 Rcc7 24. Qf4 Qh8 25. Re3 Qh4 26. Qd6 Rc6 27. Qd8 Rexe6 28. Qd7+ Re7 29. Rxe7+ Bxe7 30. Re1 Kf7 31. c4 Rd6 32. Qc7 Rc6 33. Qd7 Bc8 34. Qxa7 Re6 35. Rxe6 Bxe6 36. d5 Nxc4 37. dxe6+ Kxe6 38. Bc3 Qe4 39. Qa4 Qb1+ 40. Kh2 b5 41. Qa6+ Bd6+ 42. g3 Qf5 43. Qc8+ Kf7 44. Qb7+ Be7 45. Bb4 Qxf2+ 46. Kh3 Qf1+ 47. Kh2 Qe2+ 48. Kh1 Qd1+ 49. Kh2 Nd6 50. Bxd6 Qxd6 51. Qxb5 Qxa3 52. Qd5+ Kg7 53. Qd4+ Bf6 54. Qd7+ Qe7 55. Qd3 Qa7 56. Kg2 Qd4 57. Qf3 Qd2+ 58. Kh3 Qd7+ 59. Kg2 g5 60. g4 Qd2+ 61. Kh1 Qc1+ 62. Kg2 Qb2+ 63. Kf1 Be7 64. Qe3 Qb5+ 65. Kg2 Qd5+ 66. Kf1 Bc5 67. Qg3 Qd1+ 0-1

[Event "Bundesliga 0405"]
[Site "Germany"]
[Date "2004.11.12"]
[Round "7.8"]
[White "Keitlinghaus, Ludger"]
[Black "Gruber, Thomas"]
[Result "1-0"]
[WhiteElo "2493"]
[BlackElo "2307"]
[PlyCount "69"]
[EventDate "2004.11.12"]
[EventType "team-tourn"]
[EventRounds "15"]
[EventCountry "GER"]
[SourceTitle "EXT 2005"]
[Source "ChessBase"]
[SourceDate "2004.11.15"]
[SourceVersion "1"]
[SourceVersionDate "2004.11.15"]
[SourceQuality "1"]
[WhiteTeam "Baden Oos"]
[BlackTeam "Eppingen"]
[WhiteTeamCountry "GER"]
[BlackTeamCountry "GER"]

1. e4 c6 2. d4 d5 3. exd5 cxd5 4. Bd3 Nc6 5. c3 g6 6. Nf3 Nh6 7. Bf4 Bf5 8. Be2 Bg7 9. Nbd2 0-0 10. 0-0 Kh8 11. b4 f6 12. Nb3 Nf7 13. b5 Na5 14. Nxa5 Qxa5 15. c4 dxc4 16. Bxc4 Rac8 17. Qb3 Nd6 18. Bxd6 exd6 19. a4 Be4 20. Bd5 Rc3 21. Qa2 Bxf3 22. Bxf3 f5 23. Bxb7 Bxd4 24. Rad1 Qb4 25. Bc6 Qc5 26. Qe2 Qe5 27. Qd2 Bc5 28. Rfe1 Qf6 29. Bd5 Ra3 30. a5 Qc3 31. Qxc3+ Rxc3 32. b6 axb6 33. a6 b5 34. Ra1 Rc2 35. Re7 1-0

[Event "Oberliga Baden 0405"]
[Site "Germany"]
[Date "2004.10.24"]
[Round "1.6"]
[White "Gruber, Thomas"]
[Black "Reefschlaeger, Helmut"]
[Result "1/2-1/2"]
[WhiteElo "2302"]
[BlackElo "2299"]
[PlyCount "36"]
[EventDate "2004.10.24"]
[EventType "team-tourn"]
[EventRounds "9"]
[EventCountry "GER"]
[SourceTitle "EXT 2007"]
[Source "ChessBase"]
[SourceDate "2006.11.23"]
[SourceVersion "1"]
[SourceVersionDate "2006.11.23"]
[SourceQuality "1"]
[WhiteTeam "Eppingen II"]
[BlackTeam "Baden Oos II"]
[WhiteTeamCountry "GER"]
[BlackTeamCountry "GER"]

1. c4 c6 2. e4 d5 3. exd5 cxd5 4. d4 Nf6 5. Nc3 g6 6. cxd5 Bg7 7. Bb5+ Nbd7 8. d6 e6 9. d5 e5 10. Nf3 0-0 11. 0-0 Qb6 12. Re1 Qxd6 13. Bg5 Re8 14. Qd2 a6 15. Ba4 b5 16. Bb3 Bb7 17. a3 Rac8 18. Rad1 Nc5 1/2-1/2

[Event "Schwarzburg op 7th"]
[Site "Schwarzburg"]
[Date "2004.09.16"]
[Round "5"]
[White "Gruber, Thomas"]
[Black "Meijers, Viesturs"]
[Result "1/2-1/2"]
[WhiteElo "2277"]
[BlackElo "2499"]
[PlyCount "108"]
[EventDate "2004.09.13"]
[EventType "swiss"]
[EventRounds "7"]
[EventCountry "GER"]
[SourceTitle "CBM 107"]
[Source "ChessBase"]
[SourceDate "2005.08.01"]
[SourceVersion "1"]
[SourceVersionDate "2005.08.01"]
[SourceQuality "1"]

1. Nf3 Nf6 2. c4 e6 3. Nc3 Bb4 4. Qc2 b6 5. a3 Bxc3 6. Qxc3 Bb7 7. e3 d6 8. Be2 Nbd7 9. 0-0 0-0 10. d3 h6 11. b4 e5 12. Bb2 a5 13. Rfd1 Re8 14. Qc2 Nh7 15. Bc3 Ng5 16. e4 Ne6 17. Qb2 Bc6 18. g3 Kh7 19. Nh4 g6 20. Bg4 Qe7 21. Ng2 Rf8 22. Ne3 h5 23. Bh3 f5 24. exf5 Ng5 25. Bg2 Bxg2 26. Kxg2 gxf5 27. Nd5 Qd8 28. Qe2 Kg6 29. f4 c6 30. Ne3 Ne6 31. Kh1 axb4 32. axb4 Nd4 33. Bxd4 exd4 34. Ng2 Qe8 35. Qf3 Nf6 36. Nh4+ Kh7 37. Rxa8 Qxa8 38. Nxf5 c5 39. Qxa8 Rxa8 40. bxc5 dxc5 41. Rd2 Kg6 42. Nh4+ Kf7 43. h3 Ra5 44. Kg2 b5 45. cxb5 Rxb5 46. Nf3 Nd5 47. Ne5+ Ke6 48. Nc4 h4 49. f5+ Kf6 50. gxh4 Rb3 51. Kf3 Kxf5 52. Nd6+ Ke5 53. Nc4+ Kf5 54. Nd6+ Ke5 1/2-1/2

[Event "Greifswald Ryck op"]
[Site "Greifswald"]
[Date "2004.08.28"]
[Round "5"]
[White "Gruber, Thomas"]
[Black "Valet, Richard"]
[Result "1-0"]
[WhiteElo "2302"]
[BlackElo "2143"]
[PlyCount "35"]
[EventDate "2004.08.26"]
[EventType "swiss"]
[EventRounds "7"]
[EventCountry "GER"]
[SourceTitle "EXT 2023"]
[Source "ChessBase"]
[SourceDate "2022.10.05"]
[SourceVersion "1"]
[SourceVersionDate "2022.10.05"]
[SourceQuality "1"]

1. g3 c5 2. Bg2 Nc6 3. c4 g6 4. Nc3 Bg7 5. a3 e6 6. Rb1 Nge7 7. b4 d5 8. cxd5 exd5 9. bxc5 0-0 10. Nf3 Qa5 11. Rb5 Qa6 12. d4 Bg4 13. e3 Nf5 14. 0-0 Rfe8 15. Rb1 Rad8 16. h3 Nfxd4 17. exd4 Bf5 18. Rb5 1-0

[Event "Muehlhausen op 11th"]
[Site "Muehlhausen"]
[Date "2004.05.22"]
[Round "6"]
[White "Gruber, Thomas"]
[Black "Thinius, Marco"]
[Result "1/2-1/2"]
[WhiteElo "2291"]
[BlackElo "2387"]
[PlyCount "84"]
[EventDate "2004.05.??"]
[EventType "swiss"]
[EventRounds "7"]
[EventCountry "GER"]
[SourceTitle "CBM 100 Extra"]
[Source "ChessBase"]
[SourceDate "2004.07.06"]
[SourceVersion "2"]
[SourceVersionDate "2004.07.06"]
[SourceQuality "1"]

1. c4 Nf6 2. Nc3 e5 3. Nf3 Nc6 4. g3 Bb4 5. Bg2 0-0 6. 0-0 e4 7. Ne1 Bxc3 8. dxc3 h6 9. Nc2 Re8 10. Ne3 d6 11. Qc2 a5 12. Bd2 a4 13. Rad1 b6 14. Bc1 Bb7 15. Nd5 Nb8 16. f3 Bxd5 17. cxd5 exf3 18. exf3 Nbd7 19. c4 Qc8 20. Rfe1 Qa6 21. Bf1 Qa5 22. Be3 Rab8 23. Kf2 Qa8 24. Bd4 Rxe1 25. Rxe1 Re8 26. Rxe8+ Nxe8 27. Qc3 Ndf6 28. Qb4 Nd7 29. Qb5 Ndf6 30. Bh3 a3 31. b4 Kf8 32. Bf5 Ke7 33. Kg2 Kf8 34. Bc2 Ke7 35. Bb3 Kf8 36. c5 bxc5 37. bxc5 dxc5 38. Qxc5+ Kg8 39. Bc3 Qa6 40. Bc4 Qa4 41. Bb3 Qa6 42. Bc4 Qa4 1/2-1/2

[Event "Eppingen op"]
[Site "Eppingen"]
[Date "2004.04.14"]
[Round "7.6"]
[White "Dausch, Rene"]
[Black "Gruber, Thomas"]
[Result "1-0"]
[WhiteElo "2331"]
[BlackElo "2291"]
[PlyCount "89"]
[EventDate "2004.04.09"]
[EventType "swiss"]
[EventRounds "11"]
[EventCountry "GER"]
[SourceTitle "CBM 099 Extra"]
[Source "ChessBase"]
[SourceDate "2004.05.04"]
[SourceVersion "1"]
[SourceVersionDate "2004.05.04"]
[SourceQuality "1"]

1. d4 c5 2. d5 e5 3. c4 d6 4. e4 g6 5. Nc3 Nd7 6. Bd3 a6 7. Nge2 Qe7 8. g4 Bh6 9. h4 Bxc1 10. Qxc1 Ngf6 11. f3 h5 12. g5 Nh7 13. Rg1 Nhf8 14. Qe3 Nb6 15. Kf2 Rb8 16. b4 cxb4 17. Qxb6 bxc3 18. Nxc3 Qd8 19. Rab1 Qxb6+ 20. Rxb6 Nd7 21. Rb4 Nc5 22. Bc2 Bd7 23. Rb6 Ke7 24. Ne2 Rhc8 25. Rgb1 Rc7 26. f4 Rcc8 27. fxe5 dxe5 28. Ke3 Rf8 29. Nc1 f6 30. Nd3 Nxd3 31. gxf6+ Rxf6 32. Rxf6 Kxf6 33. Rb6+ Ke7 34. Bxd3 Rc8 35. Rxg6 Rc5 36. Rg5 Kd6 37. Rxh5 Ra5 38. Rh6+ Kc5 39. Rh7 Bg4 40. Rg7 Bd1 41. Rxb7 Rxa2 42. Rc7+ Kd6 43. Rc6+ Kd7 44. c5 a5 45. Rh6 1-0

[Event "Eppingen op"]
[Site "Eppingen"]
[Date "2004.04.09"]
[Round "1.14"]
[White "Kuci, Blerim"]
[Black "Gruber, Thomas"]
[Result "1-0"]
[WhiteElo "2097"]
[BlackElo "2291"]
[PlyCount "127"]
[EventDate "2004.04.09"]
[EventType "swiss"]
[EventRounds "11"]
[EventCountry "GER"]
[SourceTitle "CBM 099 Extra"]
[Source "ChessBase"]
[SourceDate "2004.05.04"]
[SourceVersion "1"]
[SourceVersionDate "2004.05.04"]
[SourceQuality "1"]

1. e4 c6 2. d4 d5 3. exd5 cxd5 4. Bd3 Nc6 5. c3 g6 6. Nf3 Nh6 7. Bf4 Bf5 8. Bxf5 Nxf5 9. Qb3 Qd7 10. 0-0 Bg7 11. Re1 0-0 12. Ne5 Nxe5 13. Bxe5 Bh6 14. Na3 Rac8 15. Re2 a6 16. Rae1 Rfe8 17. h3 e6 18. Rd1 Qc6 19. Rd3 b5 20. Qd1 Re7 21. Rc2 Bg7 22. g4 Nd6 23. Bxg7 Kxg7 24. f4 Ne4 25. Rf3 f5 26. gxf5 exf5 27. Rg2 Rce8 28. Nc2 Nf6 29. Nb4 Re1+ 30. Rf1 Rxd1 31. Nxc6 Rxf1+ 32. Kxf1 Re4 33. Rf2 Nh5 34. Nb4 Nxf4 35. Nxa6 Nxh3 36. Rh2 Ng5 37. Nc7 Nf3 38. Re2 Rxe2 39. Kxe2 Nh2 40. Nxb5 Kf7 41. Nc7 g5 42. a4 Ke7 43. Nxd5+ Kd7 44. a5 f4 45. b4 h5 46. b5 f3+ 47. Kf2 h4 48. Ne3 g4 49. Nf5 g3+ 50. Nxg3 hxg3+ 51. Kxg3 Nf1+ 52. Kxf3 Nd2+ 53. Ke2 Nc4 54. a6 Kc7 55. Kd3 Nb2+ 56. Kc2 Nc4 57. Kb3 Nd2+ 58. Kb4 Nf3 59. Kc5 Nd2 60. b6+ Kb8 61. Kd5 Nb3 62. Kc6 Na5+ 63. Kb5 Nb3 64. d5 1-0

[Event "Staufer op 10th"]
[Site "Schwaebisch Gmuend"]
[Date "1998.??.??"]
[Round "8"]
[White "Pribyl, Josef"]
[Black "Gruber, Thomas"]
[Result "1-0"]
[WhiteElo "2425"]
[BlackElo "2240"]
[PlyCount "81"]
[EventDate "1998.01.??"]
[EventType "swiss"]
[EventRounds "9"]
[EventCountry "GER"]
[SourceTitle "CBM 062 Extra"]
[Source "ChessBase"]
[SourceDate "1998.03.09"]
[SourceVersion "1"]
[SourceVersionDate "1998.03.09"]
[SourceQuality "1"]

1. c4 e6 2. Nf3 d5 3. b3 Nf6 4. Bb2 Be7 5. g3 0-0 6. Bg2 c5 7. 0-0 Nc6 8. e3 b6 9. Nc3 Bb7 10. d3 Rc8 11. Qe2 a6 12. Rfd1 d4 13. exd4 cxd4 14. Nb1 Rc7 15. Na3 Re8 16. Nc2 Bc5 17. a3 e5 18. b4 Bd6 19. Re1 Bc8 20. Ng5 Bg4 21. Qd2 Bf5 22. Re2 h6 23. Nf3 Qc8 24. Rc1 Bg4 25. Nce1 Rce7 26. Qc2 a5 27. c5 bxc5 28. bxc5 Bb8 29. Qa4 Be6 30. Nd2 Bd5 31. Nc4 Bxg2 32. Kxg2 Rd8 33. Nf3 e4 34. dxe4 Nxe4 35. Nxa5 Qa6 36. Rxe4 Rxe4 37. Qxc6 Qd3 38. Nb7 Rde8 39. Nd6 Bxd6 40. cxd6 Re2 41. Bxd4 1-0

[Event "Wuerttemberg-ch"]
[Site "Schramberg"]
[Date "1993.??.??"]
[Round "2"]
[White "Gruber, Thomas"]
[Black "Dittmar, Peter"]
[Result "0-1"]
[WhiteElo "2235"]
[BlackElo "2290"]
[PlyCount "82"]
[EventDate "1993.??.??"]
[EventType "swiss"]
[EventRounds "9"]
[EventCountry "GER"]
[SourceTitle "GER"]
[Source "ChessBase"]
[SourceDate "1999.07.01"]
[SourceVersion "1"]
[SourceVersionDate "1999.07.01"]
[SourceQuality "1"]

1. c4 e6 2. Nf3 d5 3. d4 c5 4. cxd5 exd5 5. g3 Nf6 6. Bg2 Nc6 7. 0-0 Be7 8. dxc5 Bxc5 9. Bg5 0-0 10. Nc3 d4 11. Bxf6 Qxf6 12. Ne4 Qe7 13. Nxc5 Qxc5 14. Qd2 Bg4 15. h3 Bh5 16. Rac1 Qb6 17. Ng5 Rfe8 18. Rfe1 Bg6 19. Rc4 h6 20. Bxc6 bxc6 21. Nf3 c5 22. Qc1 Qe6 23. Rxc5 Qxh3 24. Nxd4 Be4 25. Nf3 g5 26. Rc7 Re5 27. Rxf7 Rae8 28. Rf6 Kg7 29. Rf4 gxf4 30. Qxf4 Rf5 31. Qc7+ Rf7 32. Qc3+ Kg8 33. Rd1 Bxf3 34. exf3 Qe6 35. Kg2 Qf6 36. Qd3 Ref8 37. f4 Qg7 38. Rh1 Rxf4 39. Qd5+ R4f7 40. f4 Qxb2+ 41. Kh3 Qg7 0-1